000 00255nam a22001097a 4500
008 230627b xxu||||| |||| 00| 0 eng d
082 _a338.9
_bKEN
245 _aDevelopment Plan 1974- 1978
_bPart II
260 _bGOK
300 _aIII,198p
942 _2ddc
_cBK
999 _c2884
_d2884